<?xml version="1.0" encoding="UTF-8"?><?xml-stylesheet type="text/xsl" href="static/style.xsl"?><OAI-PMH xmlns="http://www.openarchives.org/OAI/2.0/" xmlns:xsi="http://www.w3.org/2001/XMLSchema-instance" xsi:schemaLocation="http://www.openarchives.org/OAI/2.0/ http://www.openarchives.org/OAI/2.0/OAI-PMH.xsd"><responseDate>2026-04-13T06:52:20Z</responseDate><request verb="GetRecord" identifier="oai:www.recercat.cat:2117/336517" metadataPrefix="marc">https://recercat.cat/oai/request</request><GetRecord><record><header><identifier>oai:recercat.cat:2117/336517</identifier><datestamp>2026-01-21T02:32:13Z</datestamp><setSpec>com_2072_1033</setSpec><setSpec>col_2072_452949</setSpec></header><metadata><record xmlns="http://www.loc.gov/MARC21/slim" xmlns:dcterms="http://purl.org/dc/terms/" xmlns:xsi="http://www.w3.org/2001/XMLSchema-instance" xmlns:doc="http://www.lyncode.com/xoai" xsi:schemaLocation="http://www.loc.gov/MARC21/slim http://www.loc.gov/standards/marcxml/schema/MARC21slim.xsd">
   <leader>00925njm 22002777a 4500</leader>
   <datafield ind2=" " ind1=" " tag="042">
      <subfield code="a">dc</subfield>
   </datafield>
   <datafield ind2=" " ind1=" " tag="720">
      <subfield code="a">Cuti, Auriele Fogaça</subfield>
      <subfield code="e">author</subfield>
   </datafield>
   <datafield ind2=" " ind1=" " tag="720">
      <subfield code="a">Naoumova, Natalia</subfield>
      <subfield code="e">author</subfield>
   </datafield>
   <datafield ind2=" " ind1=" " tag="260">
      <subfield code="c">2020-06</subfield>
   </datafield>
   <datafield ind2=" " ind1=" " tag="520">
      <subfield code="a">O trabalho trata da percepção ambiental em cidades pequenas, abordada a partir do olhar do turista. O objetivo é investigar a percepção do turista sobre o ambiente da cidade pequena, por meio da análise da satisfação com as características da paisagem, de modo a entender como o lugar atrai visitantes e o que os agrada. A abordagem metodológica é fundamentada na área de estudo das Relações Ambiente Comportamento e inclui levantamento de dados qualitativos e quantitativos, com questionários e mapas mentais indiretos. Ao todo, 128 pessoas participaram da pesquisa em duas cidades do interior do Rio Grande do Sul, Brasil. De modo geral, os visitantes das duas cidades avaliaram positivamente o ambiente, ainda que a motivação da visita seja diferente. Calma e tranquilidade foram características que se sobressaíram nas avaliações. Todavia, existem diferenças nas variáveis que se relacionam com o nível de satisfação geral nas duas cidades.</subfield>
   </datafield>
   <datafield ind2=" " ind1=" " tag="520">
      <subfield code="a">The work deals with environmental perception in small cities, approached from the tourist's perspective. The main goal is to investigate the tourist's perception of the small city environment, by analyzing satisfaction with the landscape's characteristics, in order to understand how the place attracts visitors and what pleases them. The methodological approach is based on the study area of Environment Behavior Relationships and includes a survey of qualitative and quantitative data, with questionnaires and indirect mental maps. In all, 128 people participated in the survey in two cities in the interior of Rio Grande do Sul, Brazil. In general, visitors from both cities evaluated the environment positively, although the motivation for the visit was different. Calm and tranquility were characteristics that stood out in the evaluations. However, there are differences in the variables that relate to the level of satisfaction in the two cities.</subfield>
   </datafield>
   <datafield ind2=" " ind1=" " tag="520">
      <subfield code="a">Peer Reviewed</subfield>
   </datafield>
   <datafield tag="653" ind2=" " ind1=" ">
      <subfield code="a">Àrees temàtiques de la UPC::Urbanisme</subfield>
   </datafield>
   <datafield tag="653" ind2=" " ind1=" ">
      <subfield code="a">Tourist trade and city planning -- Brazil</subfield>
   </datafield>
   <datafield tag="653" ind2=" " ind1=" ">
      <subfield code="a">Cidade pequena</subfield>
   </datafield>
   <datafield tag="653" ind2=" " ind1=" ">
      <subfield code="a">Turismo</subfield>
   </datafield>
   <datafield tag="653" ind2=" " ind1=" ">
      <subfield code="a">Qualidade do ambiente</subfield>
   </datafield>
   <datafield tag="653" ind2=" " ind1=" ">
      <subfield code="a">Ambiente comportament</subfield>
   </datafield>
   <datafield tag="653" ind2=" " ind1=" ">
      <subfield code="a">Small city</subfield>
   </datafield>
   <datafield tag="653" ind2=" " ind1=" ">
      <subfield code="a">Tourism</subfield>
   </datafield>
   <datafield tag="653" ind2=" " ind1=" ">
      <subfield code="a">Quality of the environment</subfield>
   </datafield>
   <datafield tag="653" ind2=" " ind1=" ">
      <subfield code="a">Environment behavior</subfield>
   </datafield>
   <datafield tag="653" ind2=" " ind1=" ">
      <subfield code="a">Turisme i urbanisme -- Brasil</subfield>
   </datafield>
   <datafield ind2="0" ind1="0" tag="245">
      <subfield code="a">Cidade pequena e turismo: qualidade do ambiente sob o ponto de vista de seus visitantes</subfield>
   </datafield>
   <datafield ind2="0" ind1="0" tag="245">
      <subfield code="a">Small city and tourism: quality of the environment from the point of view of its visitors</subfield>
   </datafield>
</record></metadata></record></GetRecord></OAI-PMH>